Visualizzazione normale
Vista MARC
- SATIRICO
di Topical Term
Records bibliografici associati: 6
001 - CONTROL NUMBER
- control field: 38605
003 - CONTROL NUMBER IDENTIFIER
- control field: IT-RoPau
005 - DATE AND TIME OF LATEST TRANSACTION
- control field: 20151125222833.0
008 - FIXED-LENGTH DATA ELEMENTS
- fixed length control field: 151125|| aca||aabn | a|a d
040 ## - CATALOGING SOURCE
- Original cataloging agency: IT-RoPau
- Transcribing agency: IT-RoPau
150 ## - HEADING--TOPICAL TERM
- Topical term or geographic name entry element: SATIRICO
- : FILMS [VHS]
- General subdivision: Codice MATERIA SPICS: 9960
670 ## - SOURCE DATA FOUND
- Source citation: Work cat.: (IT-RoPau)104951: Chaplin Charlie (Charlot) Codice regista SPICS: 8134 38603, MONSIEUR VERDOUX MONSIEUR VERDOUX (Rif. Codice opera principale : 57138)